Priscilla, la regina del deserto /

Gespeichert in:
Bibliographische Detailangaben
1. Verfasser: Gross, Guy (Komponiert von)
Weitere Verfasser: Stephan, Elliott (Regie), Hunter, Bill (Schauspielende), Hamlyn, Michael (produttore) (Produziert von), Stamp, Terence (Schauspielende), Breheny, Brian J. (Fotografie), Clark, Al (Produziert von), Elliott, Stephan (Regie, Drehbuch), Pearce, Guy (Schauspielende)
Format: Dia
Sprache:Italienisch
Veröffentlicht: Milano : Twentieth century Fox home entertainment, ©2010
Tags: Tag hinzufügen
Keine Tags, Fügen Sie das erste Tag hinzu!

MARC

LEADER 00000ngm a22000007i 4500
001 IT\ICCU\PAR\1197841
003 ItRI
005 20260124182804.0
008 101111s2010 it |||||||||||||||k|||||c
024 3 1 |a 8010312089015 
028 4 2 |a 21220DS 
028 4 2 |a CK1003 
040 |b ita 
041 7 |a ita  |2 ISO-639-2 
082 |a 791.43  |9 CINEMA  |2 19 
130 4 |a The adventures of Priscilla, queen of the desert <film ; 1994>  |3 IT\ICCU\UBO\1268682 
245 0 0 |a Priscilla, la regina del deserto /  |c written and directed by Stephan Elliott ; music by Guy Gross ; director of photography Brian J. Breheny. 
260 |a Milano :  |b Twentieth century Fox home entertainment,  |c ©2010 
300 |a 1 DVD video (ca. 99 min) ;  |c in contenitore, 19 cm 
500 |a Caratteristiche tecniche: regione 2; PAL; 2.35:1 aspect ratio, letterbox 16:9; DVD 9; Dolby digital 5.1; color 
500 |a Tit. del contenitore 
500 |a Produzione cinematografica Australia 1994 
500 |a Interpreti: Terence Stamp, Bill Hunter, Guy Pearce 
500 |a Lingue: italiano, inglese, spagnolo, polacco; sottotitoli: italiano, inglese per non udenti, spagnolo, ungherese, ceco 
500 |a Contenuti speciali: 'La nascita di una Queen' making of, scene eliminate, 'Il bus da Blooperville', commento audio del regista, trailer. 
700 1 |a Stephan, Elliott  |0 IT\ICCU\LO1V\443978  |4 drt 
700 1 |a Hunter, Bill  |0 IT\ICCU\PARV\578228  |4 act 
700 1 |a Hamlyn, Michael  |c  (produttore)  |0 IT\ICCU\PARV\578230  |4 pro 
700 1 |a Stamp, Terence  |0 IT\ICCU\RAVV\090314  |4 act 
700 1 |a Breheny, Brian J.  |0 IT\ICCU\RAVV\487409  |4 pht 
700 1 |a Clark, Al  |0 IT\ICCU\TO0V\180525  |4 pro 
700 1 |a Elliott, Stephan  |0 IT\ICCU\UBOV\489339  |4 drt 
700 1 |a Elliott, Stephan  |0 IT\ICCU\UBOV\489339  |4 sce 
700 1 |a Gross, Guy  |0 IT\ICCU\UBOV\490891  |4 cmp 
700 1 |a Pearce, Guy  |0 IT\ICCU\UBOV\490893  |4 act 
942 |2 ddc  |c VM  |n 0 
952 |0 0  |1 0  |4 0  |6 VO_2276_000000000000000  |7 0  |9 26275  |a BO  |b BO  |d 2026-01-24  |i 18505  |l 0  |o VO 2276  |p BO18505  |r 2026-01-24 18:28:04  |w 2026-01-24  |x [Sebina 5] [1 dvd]  |y VM  |z 1 dvd 
999 |c 22196  |d 22196